Parenting for peace and justice / (Record no. 1330)
[ view plain ]
| 000 -LEADER | |
|---|---|
| fixed length control field | 00949cam a2200301 a 4500 |
| 001 - CONTROL NUMBER | |
| control field | 2787144 |
| 003 - CONTROL NUMBER IDENTIFIER | |
| control field | GBCCL |
| 005 - DATE AND TIME OF LATEST TRANSACTION | |
| control field | 20241126110359.0 |
| 008 - FIXED-LENGTH DATA ELEMENTS--GENERAL INFORMATION | |
| fixed length control field | 810420s1981 nyu b 000 0 eng |
| 010 ## - | |
| -- | 81003917 |
| 020 ## - INTERNATIONAL STANDARD BOOK NUMBER | |
| International Standard Book Number | 0883443767 (pbk.) |
| 040 ## - CATALOGING SOURCE | |
| Original cataloging agency | DLC |
| Transcribing agency | DLC |
| Modifying agency | DLC |
| 043 ## - | |
| -- | n-us--- |
| 050 00 - | |
| -- | HQ755.8 |
| -- | .M43 |
| 082 00 - DEWEY DECIMAL CLASSIFICATION NUMBER | |
| Classification number | 248.845 |
| -- | 649.1 |
| Edition information | 19 |
| Item number | MCG |
| 100 1# - MAIN ENTRY--PERSONAL NAME | |
| Personal name | McGinnis, James B. |
| 9 (RLIN) | 2603 |
| 245 10 - TITLE STATEMENT | |
| Title | Parenting for peace and justice / |
| Statement of responsibility, etc. | James McGinnis, Kathleen McGinnis. |
| 260 ## - PUBLICATION, DISTRIBUTION, ETC. | |
| Place of publication, distribution, etc. | Maryknoll, NY : |
| Name of publisher, distributor, etc. | Orbis Books, |
| Date of publication, distribution, etc. | c1981. |
| 300 ## - PHYSICAL DESCRIPTION | |
| Extent | viii, 142 p. ; |
| Dimensions | 24 cm. |
| 504 ## - BIBLIOGRAPHY, ETC. NOTE | |
| Bibliography, etc. note | Includes bibliographical references. |
| 650 #0 - SUBJECT ADDED ENTRY--TOPICAL TERM | |
| Topical term or geographic name entry element | Parenting |
| Geographic subdivision | United States. |
| 9 (RLIN) | 2604 |
| 650 #0 - SUBJECT ADDED ENTRY--TOPICAL TERM | |
| Topical term or geographic name entry element | Christian ethics. |
| 9 (RLIN) | 68 |
| 650 #0 - SUBJECT ADDED ENTRY--TOPICAL TERM | |
| Topical term or geographic name entry element | Christian life. |
| 9 (RLIN) | 183 |
| 650 #0 - SUBJECT ADDED ENTRY--TOPICAL TERM | |
| Topical term or geographic name entry element | Parenting |
| General subdivision | Religious aspects |
| -- | Christianity. |
| 9 (RLIN) | 2605 |
| 700 1# - ADDED ENTRY--PERSONAL NAME | |
| Personal name | McGinnis, Kathleen. |
| 9 (RLIN) | 2606 |
| 906 ## - LOCAL DATA ELEMENT F, LDF (RLIN) | |
| a | 7 |
| b | cbc |
| c | orignew |
| d | 1 |
| e | ocip |
| f | 19 |
| g | y-gencatlg |
| 942 ## - ADDED ENTRY ELEMENTS (KOHA) | |
| Source of classification or shelving scheme | Dewey Decimal Classification |
| Koha item type | Books |
| Koha issues (borrowed), all copies | 10 |
| Withdrawn status | Lost status | Source of classification or shelving scheme | Damaged status | Not for loan | Home library | Current Library | Shelving location | Date acquired | Total checkouts | Full call number | Barcode | Date last seen | Date last checked out | Copy number | Price effective from | Koha item type |
|---|---|---|---|---|---|---|---|---|---|---|---|---|---|---|---|---|
| Dewey Decimal Classification | GRACE BIBLE COLLEGE | GRACE BIBLE COLLEGE | Ministry & Mission | 2017-04-26 | 10 | 248.845 MCG | 006625 | 2025-05-01 | 2024-09-03 | c.1 | 2017-04-26 | Books |